000 00687nam a2200241Ia 4500
005 20260430150324.0
008 008 250103s9999 xx 000 0 eng d
037 _aTheses
040 _aCRL
040 _beng
040 _ceng
041 _2eng
041 _aeng
084 _qCRL
100 _aChauhan Dimpy Au.; Verma Rashmi Gu.; Gupta Indivar Gu.
_91237140
245 0 _aSome Properties of Quasigroups and Applications in Designing Cryptographic Primitives
260 _c2023
300 _a158
650 _aMathematics
700 _aUniversity of Delhi. Faculty of Mathematical Sciences. Deptt. of Mathematics
_91237071
942 _cTH
999 _c1849506
_d1849506